Spartacus (Record no. 15581)
[ view plain ]
| 000 -LEADER | |
|---|---|
| fixed length control field | 02664ngi a22005177a 4500 |
| 006 - FIXED-LENGTH DATA ELEMENTS--ADDITIONAL MATERIAL CHARACTERISTICS--GENERAL INFORMATION | |
| fixed length control field | a|||||s|||||00| 0 |
| 007 - PHYSICAL DESCRIPTION FIXED FIELD--GENERAL INFORMATION | |
| fixed length control field | tz |
| 008 - FIXED-LENGTH DATA ELEMENTS--GENERAL INFORMATION | |
| fixed length control field | 110612s19981960cau|||||s|||| 00| 0beng d |
| 020 ## - INTERNATIONAL STANDARD BOOK NUMBER | |
| International Standard Book Number | 0783226039 |
| 020 ## - INTERNATIONAL STANDARD BOOK NUMBER | |
| International Standard Book Number | 025192018121 |
| 082 04 - DEWEY DECIMAL CLASSIFICATION NUMBER | |
| Classification number | 791.4372 |
| Item number | SPA |
| Edition number | 22 |
| 245 00 - TITLE STATEMENT | |
| Title | Spartacus |
| Medium | [videorecording] / |
| Statement of responsibility, etc | Produced by Edward Lewis ; directed by Stanley Kubrick ; screen play by Dalton Trumbo |
| 260 ## - PUBLICATION, DISTRIBUTION, ETC. (IMPRINT) | |
| Place of publication, distribution, etc | Universal City, CA : |
| Name of publisher, distributor, etc | Universal Home Video, |
| Date of publication, distribution, etc | 1998. |
| 300 ## - PHYSICAL DESCRIPTION | |
| Extent | 1 videodisc (196 min.) : |
| Other physical details | sd., col. ; |
| Dimensions | 4 3/4 in. |
| 500 ## - GENERAL NOTE | |
| General note | Based on the novel by Howard Fast |
| 500 ## - GENERAL NOTE | |
| General note | Originally released as a motion picture in 1960. |
| 500 ## - GENERAL NOTE | |
| General note | "Presented uncut and fully restored"--Container. |
| 500 ## - GENERAL NOTE | |
| General note | The epic tale of the bold gladiator slave Spartacus (Douglas), the woman who believed in his cause, and the power-hungry Roman general who challenged his convictions. |
| 508 ## - CREATION/PRODUCTION CREDITS NOTE | |
| Creation/production credits note | Produced by Edward Lewis ; directed by Stanley Kubrick ; screenplay, Dalton Trumbo ; editor, Robert Lawrence ; music, Alex North ; restored by Robert A. Harris and James C. Katz. |
| 511 ## - PARTICIPANT OR PERFORMER NOTE | |
| Participant or performer note | Kirk Douglas, Laurence Olivier, Jean Simmons, Charles Laughton, Peter Ustinov, John Gavin, Tony Curtis. |
| 520 ## - SUMMARY, ETC. | |
| Summary, etc | Spartacus is the bold gladiator slave who leads a massive slave revolt against Imperial Rome in this epic true account of man's eternal struggle for freedom. |
| 538 ## - SYSTEM DETAILS NOTE | |
| System details note | DVD, Dolby digital 5.1 surround |
| 546 ## - LANGUAGE NOTE | |
| Language note | In English or French with optional Spanish subtitles |
| 586 ## - AWARDS NOTE | |
| Awards note | 4 Academy Awards, Best Actor in a Supporting Role - Best Art Direction-Set Decoration - Best Cinematography, Color - Best Costume Design, Color, 1960 |
| 600 ## - SUBJECT ADDED ENTRY--PERSONAL NAME | |
| 9 (RLIN) | 24992 |
| Personal name | Spartacus |
| Dates associated with a name | 71 B.C. |
| Form subdivision | Drama |
| 651 ## - SUBJECT ADDED ENTRY--GEOGRAPHIC NAME | |
| 9 (RLIN) | 24999 |
| Geographic name | Rome |
| Form subdivision | Drama |
| General subdivision | History |
| Chronological subdivision | Servile Wars, 135-71 B.C. |
| 653 ## - INDEX TERM--UNCONTROLLED | |
| Arrived date list | June2011 |
| 655 ## - INDEX TERM--GENRE/FORM | |
| Genre/form data or focus term | War films |
| 700 ## - ADDED ENTRY--PERSONAL NAME | |
| 9 (RLIN) | 25016 |
| Personal name | Lewis, Edward |
| Relator term | pro |
| 700 ## - ADDED ENTRY--PERSONAL NAME | |
| 9 (RLIN) | 25017 |
| Personal name | Trumbo, Dalton |
| Dates associated with a name | 1905-1976 |
| Relator term | aus |
| 700 ## - ADDED ENTRY--PERSONAL NAME | |
| 9 (RLIN) | 24993 |
| Personal name | Fast, Howard |
| Dates associated with a name | 1914-2003 |
| Title of a work | Spartacus. |
| 700 ## - ADDED ENTRY--PERSONAL NAME | |
| 9 (RLIN) | 24994 |
| Personal name | Kubrick, Stanley |
| Relator term | drt |
| 700 ## - ADDED ENTRY--PERSONAL NAME | |
| 9 (RLIN) | 24995 |
| Personal name | Douglas, Kirk |
| Dates associated with a name | 1916- |
| Relator term | act |
| 700 ## - ADDED ENTRY--PERSONAL NAME | |
| 9 (RLIN) | 24996 |
| Personal name | Olivier, Laurence |
| Dates associated with a name | 1907-1989 |
| Relator term | act |
| 700 ## - ADDED ENTRY--PERSONAL NAME | |
| 9 (RLIN) | 24997 |
| Personal name | Simmons, Jean |
| Dates associated with a name | 1929- |
| Relator term | act |
| 700 ## - ADDED ENTRY--PERSONAL NAME | |
| 9 (RLIN) | 25018 |
| Personal name | Laughton, Charles |
| Dates associated with a name | 1899-1962 |
| Relator term | act |
| 700 ## - ADDED ENTRY--PERSONAL NAME | |
| 9 (RLIN) | 25020 |
| Personal name | Gavin, John |
| Relator term | act |
| 700 ## - ADDED ENTRY--PERSONAL NAME | |
| 9 (RLIN) | 25021 |
| Personal name | Curtis, Tony |
| Relator term | act |
| 700 ## - ADDED ENTRY--PERSONAL NAME | |
| 9 (RLIN) | 25025 |
| Personal name | North, Alex |
| Relator term | cmp |
| 710 ## - ADDED ENTRY--CORPORATE NAME | |
| 9 (RLIN) | 25022 |
| Corporate name or jurisdiction name as entry element | Universal Pictures Company |
| Relator term | pro |
| 710 ## - ADDED ENTRY--CORPORATE NAME | |
| 9 (RLIN) | 25023 |
| Corporate name or jurisdiction name as entry element | Bryna Productions, Inc. |
| Relator term | pro |
| 710 ## - ADDED ENTRY--CORPORATE NAME | |
| 9 (RLIN) | 25024 |
| Corporate name or jurisdiction name as entry element | Universal Home Video (Firm) |
| Relator term | dst |
| 710 ## - ADDED ENTRY--CORPORATE NAME | |
| 9 (RLIN) | 25024 |
| Corporate name or jurisdiction name as entry element | Universal Home Video (Firm) |
| Relator term | dst |
| 700 ## - ADDED ENTRY--PERSONAL NAME | |
| 9 (RLIN) | 25019 |
| Personal name | Ustinov, Peter |
| Relator term | act |
| 942 ## - ADDED ENTRY ELEMENTS (KOHA) | |
| Source of classification or shelving scheme | Dewey Decimal Classification |
| Item type | Book - Borrowing |
| Withdrawn status | Lost status | Source of classification or shelving scheme | Damaged status | Not for loan | Koha collection | Location (home branch) | Sublocation or collection (holding branch) | Shelving location | Date acquired | Source of acquisition | Cost, normal purchase price | Invoice Number | Koha issues (times borrowed) | Koha full call number | Piece designation (barcode) | Koha date last seen | Price effective from | Koha item type |
|---|---|---|---|---|---|---|---|---|---|---|---|---|---|---|---|---|---|---|
| Dewey Decimal Classification | Baccah | Central Library | Central Library | Second Floor | 12/06/2011 | Purchase | 197.00 | 12344 | 791.4372 SPA | 000024082 | 24/08/2022 | 12/06/2011 | CD | DVD - Movie (NB) |